<?xml version="1.0" encoding="UTF-8"?>
<record
    xmlns:xsi="http://www.w3.org/2001/XMLSchema-instance"
    xsi:schemaLocation="http://www.loc.gov/MARC21/slim http://www.loc.gov/standards/marcxml/schema/MARC21slim.xsd"
    xmlns="http://www.loc.gov/MARC21/slim">

  <leader>00774nam a22002417a 4500</leader>
  <controlfield tag="003">OSt</controlfield>
  <controlfield tag="005">20150408114126.0</controlfield>
  <controlfield tag="008">130314s    2012enk||||g |||| 00| 0 eng d</controlfield>
  <datafield tag="020" ind1=" " ind2=" ">
    <subfield code="a">9780273764540</subfield>
  </datafield>
  <datafield tag="040" ind1=" " ind2=" ">
    <subfield code="a">Ma-un</subfield>
  </datafield>
  <datafield tag="082" ind1=" " ind2=" ">
    <subfield code="a">624.18341</subfield>
    <subfield code="b">WJR</subfield>
  </datafield>
  <datafield tag="100" ind1=" " ind2=" ">
    <subfield code="a">Wight, James K.</subfield>
    <subfield code="9">34332</subfield>
  </datafield>
  <datafield tag="245" ind1=" " ind2=" ">
    <subfield code="a">Reinforced concrete :</subfield>
    <subfield code="b">mechanics and design /</subfield>
    <subfield code="c">James K. Wight, James G. MacGregor.</subfield>
  </datafield>
  <datafield tag="250" ind1=" " ind2=" ">
    <subfield code="a">6th ed.</subfield>
  </datafield>
  <datafield tag="260" ind1=" " ind2=" ">
    <subfield code="a">Harlow :</subfield>
    <subfield code="b">Pearson Education,</subfield>
    <subfield code="c">2012.</subfield>
  </datafield>
  <datafield tag="300" ind1=" " ind2=" ">
    <subfield code="a">1175 p. :</subfield>
    <subfield code="b"> ill. ;</subfield>
    <subfield code="c">26 cm.</subfield>
  </datafield>
  <datafield tag="500" ind1=" " ind2=" ">
    <subfield code="a">"International edition"--cover</subfield>
  </datafield>
  <datafield tag="504" ind1=" " ind2=" ">
    <subfield code="a">Includes bibliographical references and index.</subfield>
  </datafield>
  <datafield tag="650" ind1=" " ind2=" ">
    <subfield code="a">Reinforced concrete construction.</subfield>
    <subfield code="9">34333</subfield>
  </datafield>
  <datafield tag="650" ind1=" " ind2=" ">
    <subfield code="a">Reinforced concrete.</subfield>
    <subfield code="9">34334</subfield>
  </datafield>
  <datafield tag="700" ind1=" " ind2=" ">
    <subfield code="a">MacGregor, James G.</subfield>
    <subfield code="9">34335</subfield>
  </datafield>
  <datafield tag="942" ind1=" " ind2=" ">
    <subfield code="2">ddc</subfield>
    <subfield code="c">BOOK</subfield>
  </datafield>
  <datafield tag="999" ind1=" " ind2=" ">
    <subfield code="c">29057</subfield>
    <subfield code="d">263557</subfield>
  </datafield>
  <datafield tag="952" ind1=" " ind2=" ">
    <subfield code="1">0</subfield>
    <subfield code="2">2013-03-14</subfield>
    <subfield code="4">0</subfield>
    <subfield code="7">1</subfield>
    <subfield code="a">624.18341 WJR</subfield>
    <subfield code="c">1</subfield>
    <subfield code="d">2013-03-14</subfield>
    <subfield code="h">CL</subfield>
    <subfield code="i">00305245</subfield>
    <subfield code="m">CL</subfield>
    <subfield code="q">2023-11-12</subfield>
    <subfield code="r">2023-12-27 00:00:00</subfield>
    <subfield code="t">BOOK</subfield>
    <subfield code="w">ddc</subfield>
    <subfield code="y">2</subfield>
  </datafield>
  <datafield tag="952" ind1=" " ind2=" ">
    <subfield code="1">0</subfield>
    <subfield code="2">2013-03-14</subfield>
    <subfield code="4">0</subfield>
    <subfield code="7">0</subfield>
    <subfield code="a">624.18341 WJR</subfield>
    <subfield code="c">2</subfield>
    <subfield code="d">2013-03-14</subfield>
    <subfield code="h">CL</subfield>
    <subfield code="i">00305246</subfield>
    <subfield code="m">CL</subfield>
    <subfield code="o">1</subfield>
    <subfield code="q">2022-01-25</subfield>
    <subfield code="r">2023-03-12 00:00:00</subfield>
    <subfield code="t">BOOK</subfield>
    <subfield code="w">ddc</subfield>
    <subfield code="y">3</subfield>
  </datafield>
  <datafield tag="952" ind1=" " ind2=" ">
    <subfield code="1">0</subfield>
    <subfield code="2">2013-03-14</subfield>
    <subfield code="4">0</subfield>
    <subfield code="7">0</subfield>
    <subfield code="a">624.18341 WJR</subfield>
    <subfield code="c">3</subfield>
    <subfield code="d">2013-03-14</subfield>
    <subfield code="h">CL</subfield>
    <subfield code="i">00305247</subfield>
    <subfield code="m">CL</subfield>
    <subfield code="q">2022-09-07</subfield>
    <subfield code="r">2022-12-01 00:00:00</subfield>
    <subfield code="t">BOOK</subfield>
    <subfield code="w">ddc</subfield>
    <subfield code="y">6</subfield>
  </datafield>
  <datafield tag="952" ind1=" " ind2=" ">
    <subfield code="1">0</subfield>
    <subfield code="2">2013-03-14</subfield>
    <subfield code="4">0</subfield>
    <subfield code="7">1</subfield>
    <subfield code="a">624.18341 WJR</subfield>
    <subfield code="c">1</subfield>
    <subfield code="d">2013-03-14</subfield>
    <subfield code="h">SZM</subfield>
    <subfield code="i">00305248</subfield>
    <subfield code="m">SZM</subfield>
    <subfield code="r">2013-03-14 00:00:00</subfield>
    <subfield code="t">BOOK</subfield>
    <subfield code="w">ddc</subfield>
    <subfield code="y">0</subfield>
  </datafield>
  <datafield tag="952" ind1=" " ind2=" ">
    <subfield code="1">0</subfield>
    <subfield code="2">2013-03-14</subfield>
    <subfield code="4">0</subfield>
    <subfield code="7">0</subfield>
    <subfield code="a">624.18341 WJR</subfield>
    <subfield code="c">2</subfield>
    <subfield code="d">2013-03-14</subfield>
    <subfield code="h">SZM</subfield>
    <subfield code="i">00305249</subfield>
    <subfield code="m">SZM</subfield>
    <subfield code="r">2013-03-14 00:00:00</subfield>
    <subfield code="t">BOOK</subfield>
    <subfield code="w">ddc</subfield>
    <subfield code="y">0</subfield>
  </datafield>
  <datafield tag="952" ind1=" " ind2=" ">
    <subfield code="1">0</subfield>
    <subfield code="2">2013-03-14</subfield>
    <subfield code="4">0</subfield>
    <subfield code="7">1</subfield>
    <subfield code="a">624.18341 WJR</subfield>
    <subfield code="c">1</subfield>
    <subfield code="d">2013-03-14</subfield>
    <subfield code="h">SRF</subfield>
    <subfield code="i">00305250</subfield>
    <subfield code="m">SRF</subfield>
    <subfield code="r">2013-03-14 00:00:00</subfield>
    <subfield code="t">BOOK</subfield>
    <subfield code="w">ddc</subfield>
    <subfield code="y">0</subfield>
  </datafield>
  <datafield tag="952" ind1=" " ind2=" ">
    <subfield code="1">0</subfield>
    <subfield code="2">2013-03-14</subfield>
    <subfield code="4">0</subfield>
    <subfield code="7">0</subfield>
    <subfield code="a">624.18341 WJR</subfield>
    <subfield code="c">2</subfield>
    <subfield code="d">2013-03-14</subfield>
    <subfield code="h">SRF</subfield>
    <subfield code="i">00305251</subfield>
    <subfield code="m">SRF</subfield>
    <subfield code="r">2013-03-14 00:00:00</subfield>
    <subfield code="t">BOOK</subfield>
    <subfield code="w">ddc</subfield>
    <subfield code="y">0</subfield>
  </datafield>
  <datafield tag="952" ind1=" " ind2=" ">
    <subfield code="1">0</subfield>
    <subfield code="2">2013-03-14</subfield>
    <subfield code="4">0</subfield>
    <subfield code="7">1</subfield>
    <subfield code="a">624.18341 WJR</subfield>
    <subfield code="c">1</subfield>
    <subfield code="d">2013-03-14</subfield>
    <subfield code="h">SRM</subfield>
    <subfield code="i">00305252</subfield>
    <subfield code="m">SRM</subfield>
    <subfield code="r">2013-03-14 00:00:00</subfield>
    <subfield code="t">BOOK</subfield>
    <subfield code="w">ddc</subfield>
    <subfield code="y">0</subfield>
  </datafield>
  <datafield tag="952" ind1=" " ind2=" ">
    <subfield code="1">0</subfield>
    <subfield code="2">2013-03-14</subfield>
    <subfield code="4">0</subfield>
    <subfield code="7">0</subfield>
    <subfield code="a">624.18341 WJR</subfield>
    <subfield code="c">2</subfield>
    <subfield code="d">2013-03-14</subfield>
    <subfield code="h">SRM</subfield>
    <subfield code="i">00305253</subfield>
    <subfield code="m">SRM</subfield>
    <subfield code="r">2013-03-14 00:00:00</subfield>
    <subfield code="t">BOOK</subfield>
    <subfield code="w">ddc</subfield>
    <subfield code="y">0</subfield>
  </datafield>
</record>
